<?xml version="1.0" encoding="UTF-8"?>
<record
    xmlns:xsi="http://www.w3.org/2001/XMLSchema-instance"
    xsi:schemaLocation="http://www.loc.gov/MARC21/slim http://www.loc.gov/standards/marcxml/schema/MARC21slim.xsd"
    xmlns="http://www.loc.gov/MARC21/slim">

  <leader>01647    a2200205   4500</leader>
  <controlfield tag="001">47983</controlfield>
  <controlfield tag="005">20260407155746.0</controlfield>
  <controlfield tag="008">260407a1969    arg                 spa d</controlfield>
  <controlfield tag="003">AR-UNSa-BCEJYS</controlfield>
  <datafield tag="040" ind1=" " ind2=" ">
    <subfield code="a">AR-UNSa-BCEJYS</subfield>
    <subfield code="b">spa</subfield>
    <subfield code="c">AR-UNSa-BCEJYS</subfield>
  </datafield>
  <datafield tag="080" ind1=" " ind2=" ">
    <subfield code="a">336.74</subfield>
    <subfield code="x">Moneda. Sistema monetario</subfield>
  </datafield>
  <datafield tag="245" ind1="1" ind2="0">
    <subfield code="a">Teor&#xED;a monetaria y pol&#xED;tica p&#xFA;blica</subfield>
  </datafield>
  <datafield tag="264" ind1=" " ind2="1">
    <subfield code="a">M&#xE9;xico :</subfield>
    <subfield code="b">Fondo de Cultura Econ&#xF3;mica</subfield>
    <subfield code="c">1969</subfield>
  </datafield>
  <datafield tag="300" ind1=" " ind2=" ">
    <subfield code="a">339 p.</subfield>
    <subfield code="c">21 cm.</subfield>
  </datafield>
  <datafield tag="505" ind1=" " ind2=" ">
    <subfield code="a">1. Introducci&#xF3;n - Parte I: El dinero y los precios generales: 2. El valor interno del dinero -3. Creaci&#xF3;n y destrucci&#xF3;n del dinero - 4. Teor&#xED;a de la inflaci&#xF3;n - 5. Pol&#xED;ticas anti-inflacionarias - Parte II: El inter&#xE9;s, el ingreso y la ocupaci&#xF3;n: 6. Teor&#xED;a de la preferencia por la la liquidez - 7. Pol&#xED;tica del inter&#xE9;s y ocupaci&#xF3;n plena - 8. Teor&#xED;a no-keynesianas del ahorro y la inversi&#xF3;n - 9. Demanda total e ingreso nacional - 10. La funci&#xF3;n consumo - 11. Ahorro e inversi&#xF3;n - 12. Teor&#xED;as del multiplicador y de la aceleraci&#xF3;n - 13. Equilibrio de sub-ocupaci&#xF3;n secular - 14. Medidas para fomentar la inversi&#xF3;n - 15. Medidas para elevar la funci&#xF3;n consumo - 16. Ep&#xED;logo sobre la pol&#xED;tica de ocupaci&#xF3;n plena - Parte II: Equilibrio nacional vs. internacional: 17. Valor externo del dinero- El patr&#xF3;n oro - 18. Valor externo del dinero- El patr&#xF3;n papel-moneda - 19. El Fondo Monetario Internacional - El patr&#xF3;n mixto - 20. Soberan&#xED;a monetaria y equilibrio internacional - 21. Inversi&#xF3;n extranjera, el Banco Mundial y la ocupaci&#xF3;n -  </subfield>
  </datafield>
  <datafield tag="942" ind1=" " ind2=" ">
    <subfield code="c">BK</subfield>
  </datafield>
  <datafield tag="590" ind1=" " ind2=" ">
    <subfield code="a">niveau_biblio:m niveau_hierar:0</subfield>
  </datafield>
  <datafield tag="100" ind1="1" ind2=" ">
    <subfield code="a">Pimentel, Rub&#xE9;n C.</subfield>
  </datafield>
  <datafield tag="700" ind1="1" ind2=" ">
    <subfield code="a">Kurihara, Kenneth k.</subfield>
  </datafield>
  <datafield tag="999" ind1=" " ind2=" ">
    <subfield code="c">4512</subfield>
    <subfield code="d">4512</subfield>
  </datafield>
  <datafield tag="952" ind1=" " ind2=" ">
    <subfield code="0">0</subfield>
    <subfield code="1">0</subfield>
    <subfield code="4">0</subfield>
    <subfield code="7">0</subfield>
    <subfield code="a">BCEJYS</subfield>
    <subfield code="b">BCEJYS</subfield>
    <subfield code="c">16</subfield>
    <subfield code="d">2026-04-07</subfield>
    <subfield code="l">0</subfield>
    <subfield code="o">336.74 K95</subfield>
    <subfield code="p">L23468</subfield>
    <subfield code="r">2026-04-07 15:57:46</subfield>
    <subfield code="w">2026-04-07</subfield>
    <subfield code="y">L</subfield>
  </datafield>
  <datafield tag="952" ind1=" " ind2=" ">
    <subfield code="0">0</subfield>
    <subfield code="1">0</subfield>
    <subfield code="4">0</subfield>
    <subfield code="7">0</subfield>
    <subfield code="a">BCEJYS</subfield>
    <subfield code="b">BCEJYS</subfield>
    <subfield code="c">16</subfield>
    <subfield code="d">2026-04-07</subfield>
    <subfield code="l">0</subfield>
    <subfield code="o">336.74 K95</subfield>
    <subfield code="p">L22330</subfield>
    <subfield code="r">2026-04-07 15:57:46</subfield>
    <subfield code="w">2026-04-07</subfield>
    <subfield code="y">L</subfield>
  </datafield>
  <datafield tag="952" ind1=" " ind2=" ">
    <subfield code="0">0</subfield>
    <subfield code="1">0</subfield>
    <subfield code="4">0</subfield>
    <subfield code="7">0</subfield>
    <subfield code="a">BCEJYS</subfield>
    <subfield code="b">BCEJYS</subfield>
    <subfield code="c">16</subfield>
    <subfield code="d">2026-04-07</subfield>
    <subfield code="l">0</subfield>
    <subfield code="o">336.74 K95</subfield>
    <subfield code="p">L22329</subfield>
    <subfield code="r">2026-04-07 15:57:46</subfield>
    <subfield code="w">2026-04-07</subfield>
    <subfield code="y">L</subfield>
  </datafield>
</record>
